[Event "14. Abierto de la Constitucion"]
[Site "San Sebastian delos Reyes ESP"]
[Date "2012.12.09"]
[Round "9.3"]
[White "Cerrato Torrijos, Maria"]
[Black "Almagro Llamas, Pablo"]
[Result "0-1"]
[WhiteElo "2124"]
[BlackElo "2442"]
[PlyCount "118"]
[EventDate "2012.12.01"]
[EventType "swiss"]
[EventRounds "9"]
[EventCountry "ESP"]
[Source "lmi"]
[SourceDate "2012.12.01"]

1. e4 c5 2. Nc3 Nc6 3. Nf3 d6 4. d4 cxd4 5. Nxd4 Nf6 6. Be2 e6 7. O-O Be7 8.
Be3 O-O 9. f4 a6 10. Qe1 Bd7 11. Qg3 Qc7 12. Rad1 b5 13. a3 Kh8 14. Nb3 b4 15.
axb4 Nxb4 16. Rd2 Bc6 17. Bf3 e5 18. Nc1 a5 19. Nd3 Nd7 20. Qf2 Qb7 21. Rfd1 f5
22. Nxb4 axb4 23. Nd5 Bxd5 24. exd5 Bf6 25. fxe5 Bxe5 26. Bd4 Bxd4 27. Qxd4 Ne5
28. Rf1 Qa7 29. Be2 g6 30. Qxa7 Rxa7 31. Rf4 Rb7 32. b3 g5 33. Rfd4 Kg7 34. Kf2
Kf6 35. Ke1 Ra8 36. Rd1 Ra5 37. Kd2 Nd7 38. g3 Ke5 39. Ke3 Nf6 40. Bf3 Rc5 41.
Rc4 Rxc4 42. bxc4 Nd7 43. Be2 Nc5 44. Ra1 b3 45. cxb3 Rxb3+ 46. Kf2 Ne4+ 47.
Kg1 f4 48. gxf4+ gxf4 49. Rf1 Rb2 50. Bg4 Nd2 51. Re1+ Kd4 52. Re7 Nxc4 53.
Rxh7 Ne5 54. h3 Ke3 55. Ra7 f3 56. Ra1 Nxg4 57. hxg4 Kf4 58. g5 Kg3 59. g6 Rg2+
0-1

[Event "14. Abierto de la Constitucion"]
[Site "San Sebastian delos Reyes ESP"]
[Date "2012.12.09"]
[Round "9.4"]
[White "Alfaya Marcelo, Roberto"]
[Black "Roa Alonso, Santiago"]
[Result "1/2-1/2"]
[WhiteElo "1758"]
[BlackElo "2412"]
[PlyCount "40"]
[EventDate "2012.12.01"]
[EventType "swiss"]
[EventRounds "9"]
[EventCountry "ESP"]
[Source "lmi"]
[SourceDate "2012.12.01"]

1. d4 Nf6 2. c4 e6 3. Nc3 Bb4 4. Qc2 c5 5. dxc5 Na6 6. a3 Bxc3+ 7. Qxc3 Nxc5 8.
b4 Nce4 9. Qd4 d5 10. c5 b6 11. f3 bxc5 12. bxc5 Qa5+ 13. Qb4 Qc7 14. fxe4 Rb8
15. Qa4+ Bd7 16. c6 Qe5 17. cxd7+ Ke7 18. Qxa7 Qc3+ 19. Kd1 Qb3+ 20. Ke1 Qc3+
1/2-1/2

[Event "14. Abierto de la Constitucion"]
[Site "San Sebastian delos Reyes ESP"]
[Date "2012.12.09"]
[Round "9.5"]
[White "Bustos Serrano, Doroteo"]
[Black "Vukotic Jovsic, Dragan"]
[Result "1/2-1/2"]
[WhiteElo "2098"]
[BlackElo "2010"]
[PlyCount "37"]
[EventDate "2012.12.01"]
[EventType "swiss"]
[EventRounds "9"]
[EventCountry "ESP"]
[Source "lmi"]
[SourceDate "2012.12.01"]

1. e4 c5 2. Na3 a6 3. c3 d5 4. exd5 Qxd5 5. Nf3 Bg4 6. Be2 Nf6 7. O-O Nbd7 8.
d4 cxd4 9. cxd4 e6 10. b3 Bd6 11. Nc4 O-O 12. Nxd6 Qxd6 13. Bb2 Rac8 14. Rc1
Nd5 15. Ne5 Bxe2 16. Qxe2 Nxe5 17. dxe5 Qb4 18. g3 b5 19. Rfd1 1/2-1/2

[Event "14. Abierto de la Constitucion"]
[Site "San Sebastian delos Reyes ESP"]
[Date "2012.12.09"]
[Round "9.6"]
[White "Lopez De Turiso, Jose Angel"]
[Black "Gomez Ferrer, Jesus"]
[Result "1/2-1/2"]
[WhiteElo "2070"]
[BlackElo "1968"]
[PlyCount "41"]
[EventDate "2012.12.01"]
[EventType "swiss"]
[EventRounds "9"]
[EventCountry "ESP"]
[Source "lmi"]
[SourceDate "2012.12.01"]

1. d4 d5 2. c4 c6 3. cxd5 cxd5 4. Nc3 e6 5. Bf4 Bd6 6. Bxd6 Qxd6 7. e3 Ne7 8.
Rc1 Nbc6 9. Bd3 O-O 10. Nge2 e5 11. dxe5 Qxe5 12. O-O Be6 13. b3 Rad8 14. Nb5
Bg4 15. h3 Bxe2 16. Qxe2 a6 17. Nd4 Rd6 18. Nf3 Qh5 19. Nd4 Qe5 20. Nf3 Qh5 21.
Nd4 1/2-1/2

[Event "14. Abierto de la Constitucion"]
[Site "San Sebastian delos Reyes ESP"]
[Date "2012.12.09"]
[Round "9.7"]
[White "Cavalle Pulla, Daniel"]
[Black "Montiel Miguelez, Manuel"]
[Result "1/2-1/2"]
[WhiteElo "2016"]
[BlackElo "1900"]
[PlyCount "83"]
[EventDate "2012.12.01"]
[EventType "swiss"]
[EventRounds "9"]
[EventCountry "ESP"]
[Source "lmi"]
[SourceDate "2012.12.01"]

1. e4 c5 2. Nc3 d6 3. Bb5+ Bd7 4. Bxd7+ Nxd7 5. f4 Ngf6 6. Nf3 Qc7 7. d3 a6 8.
Bd2 e6 9. O-O Be7 10. Kh1 O-O 11. Qe1 b5 12. Qg3 Kh8 13. Rae1 b4 14. Nd1 Nb6
15. Ne3 d5 16. e5 Nh5 17. Qg4 g6 18. c3 Na4 19. cxb4 Nxb2 20. f5 exf5 21. Nxf5
Nxd3 22. Nxe7 Qxe7 23. bxc5 Nxe1 24. Rxe1 Qxc5 25. Bb4 Qc4 26. Qxc4 dxc4 27.
Bxf8 Rxf8 28. g4 Ng7 29. Rc1 Rc8 30. Nd2 c3 31. Nb1 c2 32. Na3 Ne6 33. Rxc2
Rxc2 34. Nxc2 Nc5 35. Nb4 a5 36. Nc6 a4 37. Kg2 Kg8 38. Kf3 Kf8 39. Ke3 Ke8 40.
Kd4 Ne6+ 41. Kc4 Kd7 42. Nd4 1/2-1/2

[Event "14. Abierto de la Constitucion"]
[Site "San Sebastian delos Reyes ESP"]
[Date "2012.12.09"]
[Round "9.8"]
[White "Gueler Berdasco, Martin"]
[Black "Gonzalez Mateos, Rafael"]
[Result "0-1"]
[WhiteElo "1921"]
[BlackElo "2128"]
[PlyCount "54"]
[EventDate "2012.12.01"]
[EventType "swiss"]
[EventRounds "9"]
[EventCountry "ESP"]
[Source "lmi"]
[SourceDate "2012.12.01"]

1. b4 e5 2. Bb2 d6 3. e3 f5 4. c4 Nf6 5. Be2 c6 6. Nf3 Qc7 7. O-O Be7 8. d3 Be6
9. Ng5 Bg8 10. Nc3 Nbd7 11. b5 c5 12. e4 fxe4 13. dxe4 O-O-O 14. f4 exf4 15.
Rxf4 d5 16. Rf5 h6 17. e5 hxg5 18. b6 Nxb6 19. Nb5 Qb8 20. exf6 Qxh2+ 21. Kf1
Bxf6 22. Bxf6 gxf6 23. Bg4 Kb8 24. Rb1 Nxc4 25. Rb3 Be6 26. Rxf6 Bxg4 27. Qxg4
Nd2+ 0-1

[Event "14. Abierto de la Constitucion"]
[Site "San Sebastian delos Reyes ESP"]
[Date "2012.12.09"]
[Round "9.9"]
[White "Dierssen Garcia-Barredo, Guillermo"]
[Black "Garcia-Ruiz Fuentes, Angel M"]
[Result "1-0"]
[WhiteElo "1893"]
[BlackElo "1968"]
[PlyCount "59"]
[EventDate "2012.12.01"]
[EventType "swiss"]
[EventRounds "9"]
[EventCountry "ESP"]
[Source "lmi"]
[SourceDate "2012.12.01"]

1. d4 Nf6 2. c4 g6 3. Nc3 Bg7 4. e4 O-O 5. f4 d6 6. Nf3 c5 7. d5 e6 8. Be2 exd5
9. exd5 Na6 10. a3 Nc7 11. O-O Bd7 12. Ra2 a6 13. Bd3 b5 14. b3 Ng4 15. Ne4 f5
16. Nf2 Nxf2 17. Raxf2 bxc4 18. bxc4 Rb8 19. Kh1 Qf6 20. h3 Qc3 21. Rg1 Na8 22.
g4 Bd4 23. Nxd4 Qxd4 24. gxf5 Qxf2 25. fxg6 Qh4 26. gxh7+ Kh8 27. Rg2 Bf5 28.
Bxf5 Rxf5 29. Qd3 Qf6 30. Bd2 1-0

[Event "14. Abierto de la Constitucion"]
[Site "San Sebastian delos Reyes ESP"]
[Date "2012.12.09"]
[Round "9.10"]
[White "Plazuelo Pascual, Juan"]
[Black "Camarero Izquierdo, Juan C"]
[Result "1-0"]
[WhiteElo "1851"]
[BlackElo "1924"]
[PlyCount "75"]
[EventDate "2012.12.01"]
[EventType "swiss"]
[EventRounds "9"]
[EventCountry "ESP"]
[Source "lmi"]
[SourceDate "2012.12.01"]

1. e4 c5 2. Nf3 d6 3. d4 cxd4 4. Nxd4 Nf6 5. Nc3 a6 6. Bc4 e6 7. Bb3 Be7 8. O-O
O-O 9. f4 Nbd7 10. Qf3 Qc7 11. g4 Nc5 12. g5 Ne8 13. f5 Nxb3 14. cxb3 Qc5 15.
Qf2 exf5 16. exf5 f6 17. Be3 Qa5 18. b4 Qd8 19. g6 hxg6 20. fxg6 f5 21. Nd5 Bg5
22. Rae1 f4 23. Qf3 Nf6 24. Nxf6+ Qxf6 25. Qh5 Bh6 26. Rxf4 Qe5 27. Rxf8+ Kxf8
28. Qf3+ Bf5 29. Qxf5+ Qxf5 30. Nxf5 Bxe3+ 31. Rxe3 d5 32. Rd3 Rc8 33. Rxd5
Rc1+ 34. Kf2 Rc2+ 35. Ke3 Ke8 36. Nxg7+ Ke7 37. Nf5+ Ke6 38. Nd4+ 1-0

[Event "14. Abierto de la Constitucion"]
[Site "San Sebastian delos Reyes ESP"]
[Date "2012.12.09"]
[Round "9.11"]
[White "Sacristan Virseda, Fernando"]
[Black "Perez Alvarez, Javier"]
[Result "1/2-1/2"]
[WhiteElo "1915"]
[BlackElo "1824"]
[PlyCount "77"]
[EventDate "2012.12.01"]
[EventType "swiss"]
[EventRounds "9"]
[EventCountry "ESP"]
[Source "lmi"]
[SourceDate "2012.12.01"]

1. e4 e6 2. d4 d5 3. Nc3 Bb4 4. e5 c5 5. a3 Bxc3+ 6. bxc3 Qa5 7. Bd2 Qa4 8. Nf3
Nc6 9. Be3 c4 10. Be2 Bd7 11. O-O O-O-O 12. Ng5 Rf8 13. f4 Nge7 14. g4 f5 15.
exf6 gxf6 16. Nh3 f5 17. Kh1 fxg4 18. Bxg4 Nf5 19. Bd2 Rhg8 20. Rg1 Qa5 21. Ng5
Rg7 22. Nf3 Rfg8 23. Bxf5 Rxg1+ 24. Nxg1 exf5 25. Qh5 Qd8 26. Nf3 Qf6 27. Rg1
Rxg1+ 28. Kxg1 Qg6+ 29. Qg5 Ne7 30. Ne5 Qxg5+ 31. fxg5 Ng6 32. Kf2 Nxe5 33.
dxe5 Be8 34. Ke3 Kd7 35. Kd4 Ke6 36. h4 Bf7 37. Bf4 Be8 38. Bg3 Bh5 39. Bf4
1/2-1/2

[Event "14. Abierto de la Constitucion"]
[Site "San Sebastian delos Reyes ESP"]
[Date "2012.12.09"]
[Round "9.12"]
[White "Martinez Montalvo, Eduardo"]
[Black "Lopez Ziegler, Carlos"]
[Result "0-1"]
[WhiteElo "1800"]
[BlackElo "1910"]
[PlyCount "34"]
[EventDate "2012.12.01"]
[EventType "swiss"]
[EventRounds "9"]
[EventCountry "ESP"]
[Source "lmi"]
[SourceDate "2012.12.01"]

1. e4 Nf6 2. Nc3 d5 3. e5 Ne4 4. Nce2 f6 5. d3 Ng5 6. f4 Nf7 7. d4 c5 8. c3
cxd4 9. cxd4 Nc6 10. Nc3 Qb6 11. Nxd5 Qd8 12. Bc4 e6 13. Nc3 Qxd4 14. Qb3 Bc5
15. Nh3 O-O 16. Ne2 Qe4 17. Bd2 Nd4 0-1

[Event "14. Abierto de la Constitucion"]
[Site "San Sebastian delos Reyes ESP"]
[Date "2012.12.09"]
[Round "9.13"]
[White "De La Orden Alcocer, Alejandro"]
[Black "Alvarez Gonzalez, Eduardo"]
[Result "1-0"]
[WhiteElo "1895"]
[BlackElo "1783"]
[PlyCount "107"]
[EventDate "2012.12.01"]
[EventType "swiss"]
[EventRounds "9"]
[EventCountry "ESP"]
[Source "lmi"]
[SourceDate "2012.12.01"]

1. c4 e5 2. Nc3 Nf6 3. g3 Nc6 4. Bg2 Bb4 5. Nd5 Bc5 6. e3 Nxd5 7. cxd5 Ne7 8.
Nf3 d6 9. e4 f5 10. d3 O-O 11. O-O Ng6 12. Ng5 h6 13. Ne6 Bxe6 14. dxe6 Qe7 15.
exf5 Rxf5 16. Be4 Rf6 17. Qg4 Nf8 18. Bxb7 Rb8 19. Bd5 Nxe6 20. Be3 Kh8 21.
Bxe6 Bxe3 22. fxe3 Rxe6 23. Rf2 Rf6 24. Raf1 Rxf2 25. Rxf2 c5 26. b3 Kg8 27.
Qc4+ Kh8 28. Qf7 Rb7 29. Qf8+ Qxf8 30. Rxf8+ Kh7 31. Rd8 Rb6 32. Rd7 a6 33. Kf2
Kg6 34. Kf3 Kf6 35. Ke4 Ke6 36. Rxg7 d5+ 37. Kf3 Kf6 38. Rh7 Kg6 39. Rc7 e4+
40. dxe4 dxe4+ 41. Kxe4 Re6+ 42. Kf3 Rf6+ 43. Ke2 a5 44. Rxc5 Ra6 45. a4 Rb6
46. Rb5 Ra6 47. h4 Kf6 48. Kf3 Kf7 49. e4 Kg7 50. e5 Kf7 51. Kf4 Kg6 52. g4 Ra8
53. Rb7 Rc8 54. h5# 1-0

[Event "14. Abierto de la Constitucion"]
[Site "San Sebastian delos Reyes ESP"]
[Date "2012.12.09"]
[Round "9.14"]
[White "Gonzalez Mateo, Jose Luis"]
[Black "Lozano Sanchez, Jose Antonio"]
[Result "1-0"]
[WhiteElo "1796"]
[BlackElo "1893"]
[PlyCount "45"]
[EventDate "2012.12.01"]
[EventType "swiss"]
[EventRounds "9"]
[EventCountry "ESP"]
[Source "lmi"]
[SourceDate "2012.12.01"]

1. d4 d5 2. Bf4 Nf6 3. e3 Bf5 4. c4 c6 5. h3 Nbd7 6. Nf3 e6 7. Nc3 Ne4 8. Qb3
Qb6 9. c5 Qxb3 10. axb3 Be7 11. b4 f6 12. b5 g5 13. Bh2 h5 14. bxc6 bxc6 15.
Ba6 e5 16. Bb7 Rb8 17. Rxa7 Nexc5 18. dxc5 Nxc5 19. Bxc6+ Kf8 20. O-O Be6 21.
Nxd5 Bxd5 22. Bxd5 Rxb2 23. Nxe5 1-0

[Event "14. Abierto de la Constitucion"]
[Site "San Sebastian delos Reyes ESP"]
[Date "2012.12.09"]
[Round "9.15"]
[White "Santamaria Farran, Pablo"]
[Black "Gonzalez Berrendero, Carlos"]
[Result "1/2-1/2"]
[WhiteElo "1880"]
[BlackElo "1743"]
[PlyCount "91"]
[EventDate "2012.12.01"]
[EventType "swiss"]
[EventRounds "9"]
[EventCountry "ESP"]
[Source "lmi"]
[SourceDate "2012.12.01"]

1. e4 e6 2. d3 d5 3. Nd2 Nf6 4. Ngf3 Bc5 5. d4 Bb6 6. e5 Nfd7 7. Be2 c5 8. c3
Nc6 9. Nb3 a5 10. Be3 cxd4 11. cxd4 O-O 12. O-O f6 13. exf6 Nxf6 14. Bg5 Qd6
15. Re1 Bc7 16. Bh4 Ne4 17. Bg3 Nxg3 18. hxg3 b6 19. Rc1 Bd7 20. Qc2 Rac8 21.
Ba6 Nb4 22. Qe2 Nxa6 23. Qxa6 a4 24. Nbd2 b5 25. Qxd6 Bxd6 26. Ne5 Rxc1 27.
Rxc1 Rc8 28. Rxc8+ Bxc8 29. a3 b4 30. axb4 Bxb4 31. Nb1 Kf8 32. Nc6 Bd6 33. Na3
Ba6 34. g4 Ke8 35. g3 Kd7 36. Ne5+ Bxe5 37. dxe5 Be2 38. f4 Bxg4 39. Kf2 Kc6
40. Nc2 g6 41. Ke3 Kc5 42. Kd2 h5 43. Kc3 Bf5 44. Nd4 Bg4 45. Nc2 Bh3 46. Nd4
1/2-1/2

[Event "14. Abierto de la Constitucion"]
[Site "San Sebastian delos Reyes ESP"]
[Date "2012.12.09"]
[Round "9.16"]
[White "Largo Barbero, Benito"]
[Black "Sebastian Enesco, Alex"]
[Result "1/2-1/2"]
[WhiteElo "1871"]
[BlackElo "1731"]
[PlyCount "124"]
[EventDate "2012.12.01"]
[EventType "swiss"]
[EventRounds "9"]
[EventCountry "ESP"]
[Source "lmi"]
[SourceDate "2012.12.01"]

1. Nf3 c5 2. c3 d5 3. d4 c4 4. Bf4 Nc6 5. e4 dxe4 6. Nfd2 Nf6 7. Bxc4 Nd5 8.
Qh5 e6 9. Bg5 Qb6 10. b3 Nxd4 11. cxd4 Qxd4 12. Bb5+ Bd7 13. Bxd7+ Kxd7 14.
Qxf7+ Be7 15. Bxe7 Nxe7 16. O-O Qxa1 17. Nxe4 Rae8 18. Nbc3 Qb2 19. Nc5+ Kc7
20. Nxe6+ Kc8 21. Qf4 Qxc3 22. Rc1 Qxc1+ 23. Qxc1+ Nc6 24. Qc4 Re7 25. f4 g6
26. g4 a6 27. f5 gxf5 28. gxf5 Rhe8 29. a4 Kb8 30. b4 Nd8 31. Nxd8 Rxd8 32. f6
Rc7 33. Qe4 Rf8 34. Qe5 Kc8 35. Qe6+ Kb8 36. Qd6 Rff7 37. b5 axb5 38. axb5 Kc8
39. Kf2 Rcd7 40. Qe6 Rf8 41. b6 Kd8 42. Qe5 Rdf7 43. Qb8+ Kd7 44. Qxb7+ Ke6 45.
Qa6 Rxf6+ 46. Ke1 Re8 47. Kd1 Rff8 48. Kc2 Rb8 49. Kb3 Kd6 50. Kb4 Kc6 51. Qb5+
Kb7 52. Qd7+ Kxb6 53. Qxh7 Rf4+ 54. Kc3 Rbf8 55. h4 Kc5 56. Kd3 R4f7 57. Qe4
Rf3+ 58. Ke2 R3f4 59. Qe7+ Kc6 60. Qe6+ Kc7 61. Qe5+ Kd7 62. Qd5+ Kc7 1/2-1/2

[Event "14. Abierto de la Constitucion"]
[Site "San Sebastian delos Reyes ESP"]
[Date "2012.12.09"]
[Round "9.19"]
[White "Garceran Izquierdo, Ruben"]
[Black "Esquivias Gomez, Francisco J"]
[Result "0-1"]
[WhiteElo "1669"]
[BlackElo "1981"]
[PlyCount "112"]
[EventDate "2012.12.01"]
[EventType "swiss"]
[EventRounds "9"]
[EventCountry "ESP"]
[Source "lmi"]
[SourceDate "2012.12.01"]

1. c4 f5 2. Nf3 Nf6 3. e3 g6 4. h4 d6 5. h5 Nxh5 6. Rxh5 gxh5 7. Ng5 Bg7 8.
Qxh5+ Kd7 9. Qf7 Qg8 10. Qxf5+ e6 11. Qf3 Qe8 12. d4 Qe7 13. Ne4 Nc6 14. Bd2 b6
15. Nbc3 Bb7 16. O-O-O Raf8 17. Qh3 Kc8 18. f4 Kb8 19. Ng5 Nd8 20. Bd3 h6 21.
Nf3 Bf6 22. Ne4 Rhg8 23. Nxf6 Qxf6 24. Rh1 Nf7 25. d5 exd5 26. Bc3 Qe7 27. Nh4
Bc8 28. Nf5 Bxf5 29. Bxf5 Re8 30. Re1 dxc4 31. Bh7 Ng5 32. fxg5 Qxh7 33. Qxh6
Qe4 34. g3 Qf3 35. g6 Re6 36. Qf4 Qxf4 37. gxf4 Rexg6 38. f5 Rg1 39. f6 Rxe1+
40. Bxe1 Rf8 41. Bc3 d5 42. Kd2 Kc8 43. Ke2 Kd7 44. Kf3 Ke6 45. e4 dxe4+ 46.
Kxe4 c5 47. a4 a6 48. Kf4 b5 49. a5 b4 50. Be5 Rd8 51. Bc7 Rd5 52. Ke4 Rh5 53.
Bd8 c3 54. bxc3 b3 55. Kd3 Rh2 56. Bc7 Rg2 0-1

[Event "14. Abierto de la Constitucion"]
[Site "San Sebastian delos Reyes ESP"]
[Date "2012.12.09"]
[Round "9.24"]
[White "Garcia Prados, David"]
[Black "San Felipe Asis, Raquel"]
[Result "1-0"]
[WhiteElo "2025"]
[BlackElo "1683"]
[PlyCount "67"]
[EventDate "2012.12.01"]
[EventType "swiss"]
[EventRounds "9"]
[EventCountry "ESP"]
[Source "lmi"]
[SourceDate "2012.12.01"]

1. e4 d5 2. Nc3 d4 3. Nce2 e5 4. Ng3 Nc6 5. Bc4 Nf6 6. a3 Be7 7. d3 O-O 8. N1e2
Na5 9. Ba2 c5 10. O-O b5 11. f4 Nc6 12. fxe5 Nxe5 13. h3 Bb7 14. Nf5 Re8 15.
Nxe7+ Qxe7 16. Ng3 Rad8 17. Bg5 Ned7 18. Qf3 h6 19. Nf5 Qf8 20. Bf4 Ne5 21.
Bxe5 Rxe5 22. Qg3 Rde8 23. Nxh6+ Kh7 24. Nxf7 Rh5 25. Ng5+ Kh8 26. e5 Qe7 27.
exf6 gxf6 28. Nf7+ Kh7 29. Rae1 Qd7 30. Rxe8 Qxe8 31. Nd6 Qe7 32. Nxb7 Qxb7 33.
Qg8+ Kh6 34. Rxf6# 1-0

[Event "14. Abierto de la Constitucion"]
[Site "San Sebastian delos Reyes ESP"]
[Date "2012.12.09"]
[Round "9.25"]
[White "Ballesteros Jimenez, Miguel A"]
[Black "Perez Gonzalez, Jesus Miguel"]
[Result "0-1"]
[WhiteElo "1672"]
[BlackElo "1809"]
[PlyCount "138"]
[EventDate "2012.12.01"]
[EventType "swiss"]
[EventRounds "9"]
[EventCountry "ESP"]
[Source "lmi"]
[SourceDate "2012.12.01"]

1. e4 g6 2. d4 Bg7 3. Nc3 d6 4. Nf3 Nf6 5. h3 Nbd7 6. Be3 e5 7. dxe5 dxe5 8.
Bc4 c6 9. Qe2 b5 10. Bd3 Qa5 11. O-O Nh5 12. Bd2 Nf4 13. Bxf4 exf4 14. e5 O-O
15. Rfe1 Re8 16. Qe4 Qc7 17. Nxb5 Qb6 18. Nd6 Re7 19. Nc4 Qc7 20. Qxf4 Nc5 21.
Rad1 Nxd3 22. cxd3 Be6 23. b3 c5 24. Ng5 Bxc4 25. dxc4 Bxe5 26. Qf3 Rae8 27.
Qd5 Bd4 28. Rxe7 Qxe7 29. Rf1 Rd8 30. Qxf7+ Qxf7 31. Nxf7 Kxf7 32. Re1 Rd6 33.
Re2 a5 34. g3 Ra6 35. a4 Rb6 36. Re4 Rxb3 37. Rf4+ Kg7 38. Re4 Rxg3+ 39. Kh2
Rc3 40. Re7+ Kf6 41. Rxh7 Rxc4 42. Ra7 Rxa4 43. Ra6+ Kf5 44. Kg3 Be5+ 45. Kf3
Ra3+ 46. Ke2 g5 47. Rc6 Bd4 48. Ra6 Kf4 49. Rg6 c4 50. Rd6 Ra2+ 51. Kf1 Kf3 52.
Ke1 c3 53. Rxd4 Re2+ 54. Kd1 Kxf2 55. Rg4 Re5 56. Rc4 Re3 57. Rc5 Rg3 58. Rxa5
Kg2 59. Kc2 Kxh3 60. Ra8 g4 61. Rh8+ Kg2 62. Re8 Kf2 63. Rh8 Rh3 64. Rf8+ Rf3
65. Rg8 g3 66. Rh8 g2 67. Rh2 Kf1 68. Kd1 g1=Q 69. Re2 Rd3+ 0-1

[Event "14. Abierto de la Constitucion"]
[Site "San Sebastian delos Reyes ESP"]
[Date "2012.12.09"]
[Round "9.26"]
[White "Gil Fernandez, Daniel"]
[Black "Garcia Lopez, Fernando"]
[Result "1-0"]
[WhiteElo "1807"]
[BlackElo "1657"]
[PlyCount "75"]
[EventDate "2012.12.01"]
[EventType "swiss"]
[EventRounds "9"]
[EventCountry "ESP"]
[Source "lmi"]
[SourceDate "2012.12.01"]

1. d4 Nf6 2. Nc3 c5 3. d5 d6 4. e4 e6 5. Bb5+ Nbd7 6. dxe6 fxe6 7. Bf4 a6 8.
Bxd7+ Qxd7 9. e5 dxe5 10. Bxe5 Qxd1+ 11. Rxd1 Bd7 12. Nge2 Ng4 13. Bg3 Be7 14.
O-O Rd8 15. Rfe1 Bc6 16. Rxd8+ Kxd8 17. h3 Nh6 18. Nf4 Bf6 19. Nxe6+ Kc8 20.
Be5 Re8 21. Bxf6 gxf6 22. Kf1 b5 23. Nf4 Rxe1+ 24. Kxe1 b4 25. Ncd5 Bxd5 26.
Nxd5 Ng8 27. Ke2 Kd7 28. Ke3 Kd6 29. c4 a5 30. Ke4 f5+ 31. Kxf5 Nh6+ 32. Kf6
Ng8+ 33. Kg7 Ne7 34. Nxe7 Kxe7 35. Kxh7 Ke6 36. g4 Ke5 37. g5 Kd4 38. g6 1-0

[Event "14. Abierto de la Constitucion"]
[Site "San Sebastian delos Reyes ESP"]
[Date "2012.12.09"]
[Round "9.28"]
[White "Engelbrecht, Kevin P"]
[Black "Cavalle Pulla, Juan"]
[Result "1-0"]
[WhiteElo "1702"]
[BlackElo "1557"]
[PlyCount "72"]
[EventDate "2012.12.01"]
[EventType "swiss"]
[EventRounds "9"]
[EventCountry "ESP"]
[Source "lmi"]
[SourceDate "2012.12.01"]

1. e4 e5 2. Nf3 Nc6 3. Nc3 Nf6 4. d4 exd4 5. Nxd4 d5 6. Nxc6 bxc6 7. exd5 cxd5
8. Bd3 Bg4 9. Bb5+ Bd7 10. O-O Bxb5 11. Nxb5 Bc5 12. Re1+ Ne4 13. Be3 O-O 14.
Bxc5 Nxc5 15. Nd4 Re8 16. Qg4 Re4 17. Rxe4 Nxe4 18. Nf5 Qg5 19. Qxg5 Nxg5 20.
Ne7+ Kf8 21. Nxd5 Rb8 22. b3 c6 23. Nc3 c5 24. Rd1 Re8 25. Kf1 Ne4 26. Nxe4
Rxe4 27. Rd7 a6 28. Ra7 Re6 29. Rc7 Re5 30. c4 h5 31. Rc6 a5 32. Ra6 a4 33.
Rxa4 Re7 34. Ra8+ Re8 35. Rxe8+ Kxe8 36. Ke2 Kd7 1-0

[Event "14. Abierto de la Constitucion"]
[Site "San Sebastian delos Reyes ESP"]
[Date "2012.12.09"]
[Round "9.29"]
[White "Hernandez Ramos, Alberto"]
[Black "Hernandez Ramos, David"]
[Result "0-1"]
[WhiteElo "1425"]
[BlackElo "1701"]
[PlyCount "70"]
[EventDate "2012.12.01"]
[EventType "swiss"]
[EventRounds "9"]
[EventCountry "ESP"]
[Source "lmi"]
[SourceDate "2012.12.01"]

1. e4 e6 2. d4 d5 3. e5 c5 4. c3 Nc6 5. Nf3 Qb6 6. a3 a5 7. Bd3 c4 8. Bc2 Nge7
9. O-O Bd7 10. Nbd2 Qa6 11. b3 b5 12. a4 b4 13. cxb4 axb4 14. bxc4 dxc4 15. Qe2
Na5 16. Be4 Bc6 17. Rb1 Bxe4 18. Nxe4 Nd5 19. Nfd2 c3 20. Qxa6 Rxa6 21. Nf3 b3
22. Ne1 c2 23. Ra1 Nc4 24. Nd3 Nb4 25. Nb2 Nxb2 26. Bxb2 Nd3 27. Bc3 Be7 28. f3
O-O 29. Nf2 Nf4 30. Rfe1 Rfa8 31. g3 Nd5 32. Bb2 Rxa4 33. Nd3 Rxa1 34. Rxa1
Rxa1+ 35. Bxa1 Ba3 0-1

[Event "14. Abierto de la Constitucion"]
[Site "San Sebastian delos Reyes ESP"]
[Date "2012.12.09"]
[Round "9.30"]
[White "Anton Quevedo, Andrea"]
[Black "Jimenez Perez, Federico"]
[Result "0-1"]
[WhiteElo "1419"]
[BlackElo "1275"]
[PlyCount "108"]
[EventDate "2012.12.01"]
[EventType "swiss"]
[EventRounds "9"]
[EventCountry "ESP"]
[Source "lmi"]
[SourceDate "2012.12.01"]

1. e4 c5 2. Nf3 d6 3. d4 cxd4 4. Nxd4 Nf6 5. Nc3 g6 6. Be3 Bg7 7. Bc4 O-O 8.
Qd2 Bd7 9. O-O-O Nc6 10. f3 Rc8 11. Bb3 Nxd4 12. Bxd4 a6 13. g4 Bxg4 14. fxg4
Nxg4 15. h4 Bh6 16. Qxh6 Nxh6 17. h5 Ng4 18. hxg6 e5 19. Rxh7 exd4 20. Rdh1
Qg5+ 21. Kb1 Qxg6 22. Rh8+ Kg7 23. R8h7+ Qxh7 24. Rxh7+ Kxh7 25. Ne2 f5 26.
exf5 Rxf5 27. a4 Re8 28. Nxd4 Rf1+ 29. Ka2 Ree1 30. Bc4 Ra1+ 31. Kb3 Rf4 32.
Bd3+ Kh8 33. c3 Ne3 34. Be2 b5 35. axb5 axb5 36. Nxb5 d5 37. Nd4 Nf5 38. Nc6 d4
39. c4 d3 40. Bxd3 Rf3 41. Kc3 Rd1 42. Nb4 Nd6 43. Kc2 Rg1 44. c5 Rf2+ 45. Kb3
Nf5 46. c6 Nd4+ 47. Kc3 Nxc6 48. Nxc6 Rc1+ 49. Kd4 Rxc6 50. b4 Rd2 51. b5 Rd6+
52. Kc5 R2xd3 53. b6 Rd8 54. Kc6 Rc8+ 0-1

[Event "14. Abierto de la Constitucion"]
[Site "San Sebastian delos Reyes ESP"]
[Date "2012.12.09"]
[Round "9.33"]
[White "Bachiller Corral, Jose Maria"]
[Black "Rausell Tamayo, Estrella"]
[Result "0-1"]
[WhiteElo "1366"]
[BlackElo "1260"]
[PlyCount "72"]
[EventDate "2012.12.01"]
[EventType "swiss"]
[EventRounds "9"]
[EventCountry "ESP"]
[Source "lmi"]
[SourceDate "2012.12.01"]

1. b3 e5 2. Bb2 Nc6 3. e3 d6 4. Bb5 Bd7 5. Ne2 Qg5 6. g3 Nf6 7. f4 exf4 8. Nxf4
Qxb5 9. Nc3 Qg5 10. d4 d5 11. Nb5 Bd6 12. Qd2 O-O 13. O-O-O Ne4 14. h4 Nxd2 15.
hxg5 Ne4 16. Rhg1 Nxg5 17. Nxd5 Rac8 18. Ba3 Bxa3+ 19. Nxa3 Rfe8 20. Nc4 Ne7
21. Nf4 Bg4 22. Rdf1 Nf5 23. Ne5 Nxe3 24. Nxg4 Nxg4 25. Rh1 Ne3 26. Rf2 Ne4 27.
Rf3 Nc3 28. Kd2 Ned5 29. Nxd5 Nxd5 30. Rh5 c6 31. c4 Nf6 32. Re5 Rxe5 33. dxe5
Rd8+ 34. Kc2 Ne4 35. Rd3 Rxd3 36. Kxd3 Nxg3 0-1